000 00887cam a22002654a 4500
001 13502879
003 CEME
005 20210628201539.0
008 040226s2004 flua b 001 0 eng
010 _a 2004042807
020 _a1584883006 (acidfree paper)
040 _aDLC
_cDLC
_dDLC
042 _apcc
050 0 0 _aQA269
_b.M455 2004
082 0 0 _a519.3
_222
100 1 _aMendelson, Elliott.
_98742
245 1 0 _aIntroducing game theory and its applications /
_cElliott Mendelson.
260 _aBoca Raton :
_bChapman & Hall/CRC,
_cc2004.
300 _a259 p. :
_bill. ;
_c25 cm.
440 0 _aDiscrete mathematics and its applications
_93105
504 _aIncludes bibliographical references (p. 247-254) and index.
650 0 _aGame theory.
_935591
856 4 2 _3Publisher description
_uhttp://www.loc.gov/catdir/enhancements/fy0646/2004042807-d.html
942 _2ddc
_cBK
999 _c566460
_d566460